Weaving it together : connecting reading and writing

Gespeichert in:
Bibliographische Detailangaben
1. Verfasser: Broukal, Milada
Format: Buch
Sprache:Undetermined
Veröffentlicht: Australia Thomson Heinle 2004
Schlagworte:
Tags: Tag hinzufügen
Keine Tags, Fügen Sie den ersten Tag hinzu!
Thư viện lưu trữ: Trung tâm Học liệu Trường Đại học Cần Thơ
LEADER 00589nam a2200217Ia 4500
001 CTU_93312
008 210402s9999 xx 000 0 und d
020 |c 324000 
082 |a 428.24 
082 |b B875/B.4 
100 |a Broukal, Milada 
245 0 |a Weaving it together : 
245 0 |b connecting reading and writing 
245 0 |c Milada Broukal 
260 |a Australia 
260 |b Thomson Heinle 
260 |c 2004 
650 |a English language 
650 |x Textbooks for foreign speakers 
904 |i Năm,Hải 
980 |a Trung tâm Học liệu Trường Đại học Cần Thơ